|
|
|
|
| LEADER |
01710nam a2200409 i 4500 |
| 001 |
EBC30723243 |
| 003 |
MiAaPQ |
| 005 |
20230915041724.0 |
| 006 |
m o d | |
| 007 |
cr cnu|||||||| |
| 008 |
230915s2024 enk o 001 0 eng d |
| 020 |
|
|
|z 9781032537887
|q (print)
|
| 020 |
|
|
|a 9781000959758
|q (electronic bk.)
|
| 035 |
|
|
|a (MiAaPQ)EBC30723243
|
| 035 |
|
|
|a (Au-PeEL)EBL30723243
|
| 035 |
|
|
|a (OCoLC)1396064324
|
| 040 |
|
|
|a MiAaPQ
|b eng
|e rda
|e pn
|c MiAaPQ
|d MiAaPQ
|
| 050 |
|
4 |
|a HN49.C6
|b .H653 2024
|
| 082 |
0 |
|
|a 307.14
|2 23
|
| 100 |
1 |
|
|a Holdo, Markus,
|d 1984-
|e author.
|
| 245 |
1 |
0 |
|a Participatory Spaces under Urban Capitalism :
|b Contesting the Boundaries of Democratic Practices /
|c Markus Holdo.
|
| 250 |
|
|
|a First edition.
|
| 264 |
|
1 |
|a Abingdon, Oxon :
|b Routledge,
|c [2024]
|
| 264 |
|
4 |
|c Ã2024
|
| 300 |
|
|
|a 1 online resource (vii, 137 pages)
|
| 336 |
|
|
|a text
|b txt
|2 rdacontent
|
| 337 |
|
|
|a computer
|b c
|2 rdamedia
|
| 338 |
|
|
|a online resource
|b cr
|2 rdacarrier
|
| 500 |
|
|
|a Includes index.
|
| 588 |
|
|
|a Description based on print version record.
|
| 590 |
|
|
|a Electronic reproduction. Ann Arbor, MI : ProQuest, 2018. Available via World Wide Web. Access may be limited to ProQuest affiliated libraries.
|
| 650 |
|
0 |
|a Community development.
|
| 650 |
|
0 |
|a Direct democracy.
|
| 655 |
|
4 |
|a Electronic books.
|
| 776 |
0 |
8 |
|i Print version:
|a Holdo, Markus, 1984-
|t Participatory Spaces under Urban Capitalism : Contesting the Boundaries of Democratic Practices.
|b First edition.
|d Abingdon, Oxon : Routledge, c2024
|h vii, 137 pages
|z 9781032537887
|
| 797 |
2 |
|
|a ProQuest (Firm)
|
| 856 |
4 |
0 |
|u https://ebookcentral.proquest.com/lib/matrademy/detail.action?docID=30723243
|z Click to View
|